| 000 | 01069nam0a2200253 4500 | ||
|---|---|---|---|
| 001 | RU\NLR\BIBL_A\010534765 | ||
| 005 | 20250614064538.0 | ||
| 035 | _a(NLR Aleph) 010534765 | ||
| 090 |
_a10272589 _c10272589 |
||
| 100 | _a20141119d1955 |||y0rusy50 ca | ||
| 101 | 0 | _asah | |
| 102 | _aRU | ||
| 105 | _ac z 000yy | ||
| 200 | 1 |
_aЫнахтан үрдүк үүтү ылыыга мин опытым _fЕ. Е. Назарова, Чурапчы оройуонунааҕы "Победа" колхоз ыанньыксыта _gСаха АССР Тыатын хаhаайыстыбатын мин-вота |
|
| 210 |
_aЯкутскай _cСаха сиринээҕи кинигэ изд-вота _d1955 |
||
| 215 |
_a15,[1] с. _cпортр. _d20 |
||
| 225 | 1 | _a"ТХБСВ" кыттыылаахтара | |
| 541 | 1 |
_aМой опыт в получении высокого удоя молока _zrus |
|
| 686 | 1 | _aУ9(2)325.2 | |
| 700 | 1 |
_aНазарова _bЕ. Е. _4070 |
|
| 852 |
_aNLR _bОНЛ _jЯкут./2-710 |
||
| 942 | _cBOOK | ||
| 980 | _aNB | ||